书目信息 |
| 题名: |
少林功夫
|
|
| 作者: | 释永信 著 | |
| 分册: | ||
| 出版信息: | 北京 华龄出版社 2007.04 |
|
| 页数: | 233页 | |
| 开本: | 25cm | |
| 丛书名: | ||
| 单 册: | ||
| 中图分类: | G852 , K928.75 | |
| 科图分类: | ||
| 主题词: | 少林寺--shao lin si--武术 , 少林寺--shao lin si--宗教文化--研究 | |
| 电子资源: | ||
| ISBN: | 978-7-80178-464-3 | |
| 000 | 00814nam0 2200253 450 | |
| 001 | 012008542974 | |
| 005 | 20080610162751.98 | |
| 010 | @a978-7-80178-464-3@dCNY36.00 | |
| 100 | @a20080610d2007 em y0chiy0120 ea | |
| 101 | 0 | @achi |
| 102 | @aCN@b110000 | |
| 105 | @aa z 000yy | |
| 106 | @ar | |
| 200 | 1 | @a少林功夫@Ashao lin gong fu@f释永信著@Fshi yong xin zhu |
| 210 | @a北京@c华龄出版社@d2007.04 | |
| 215 | @a233页@c图@d25cm | |
| 330 | @a本书共分7章,内容包括:少林功夫历史与现状、少林功夫的文化功能与价值、少林功夫体系、少林功夫传承人与少林功夫的传说等。 | |
| 606 | 0 | @a少林寺@Ashao lin si@x武术 |
| 606 | 0 | @a少林寺@Ashao lin si@x宗教文化@x研究 |
| 690 | @aG852@v4 | |
| 690 | @aK928.75@v4 | |
| 701 | 0 | @a释永信@Ashi yong xin@4著 |
| 801 | 0 | @aCN@bQSSK@c20080610 |
| 905 | @b725613-15@dG852@eS618@f3 | |
| 少林功夫/释永信著.-北京:华龄出版社,2007.04 |
| 233页:图;25cm |
| ISBN 978-7-80178-464-3:CNY36.00 |
| 本书共分7章,内容包括:少林功夫历史与现状、少林功夫的文化功能与价值、少林功夫体系、少林功夫传承人与少林功夫的传说等。 |
| ● |
| 相关链接 |
|
|
|
正题名:少林功夫
索取号:G852/S618
 
预约/预借
| 序号 | 登录号 | 条形码 | 馆藏地/架位号 | 状态 | 备注 |
| 1 | 725613 | 207256137 | 社科库409/409社科库 24排4列3层/ [索取号:G852/S618] | 在馆 | |
| 2 | 725614 | 207256146 | 社科库409/409社科库 24排4列3层/ [索取号:G852/S618] | 在馆 | |
| 3 | 725615 | 207256155 | 社科库409/409社科库 24排4列3层/ [索取号:G852/S618] | 在馆 |